000 00482nmm a2200157Ia 4500
008 251105s9999||||xx |||||||||||||||||und||
041 _aspa
100 _aGreen, Crystal
245 0 _aCandidato a marido
264 _a[Madrid, España] :
_bHarlequin,
_c[Fecha de publicación no identificada]
300 _a0 páginas
490 _a'Hombres indómitos: Vaqueros de Thunder Canyon'
650 _aRomance
856 _uhttps://public.digitaliapublishing.com/a/96303
942 _cCF
999 _c99559
_d99559